000 00893nam a2200241 a 4500
001 47639
003 BD-RjUL
005 20211209054345.0
008 160809s1951 enk b 001 0 eng d
035 _a(BD-RjUL)47758
040 _aXNTU
_beng
_cXNTU
_dBD-RjUL
041 _aeng
082 0 4 _a370.9033
_223
_bHAN 1951
100 1 _aHans, Nicholas,
_d1888-1969.
_9134944
245 1 0 _aNew trends in education in the eighteenth century /
_cby Nicholas Hans.
260 _aLondon :
_bRoutledge & Kegan Paul,
_c1951
300 _a261 p. :
_bill. ;
_c23 cm.
504 _aIncludes index and bibliography.
650 0 _aEducation
_xHistory
_x18th century.
_9144771
830 _aInternational library of sociology and social reconstruction (Routledge & Kegan Paul)
_9116496
942 _2ddc
_cBK
999 _c47639
_d47639